[Event "4NCL/Div2/PYO vs. W&S"]
[Site "Birmingham ENG"]
[Date "2002.01.19"]
[Round "5.1"]
[White "Addison, Bret C"]
[Black "Rose, Matthew"]
[Result "0-1"]
[WhiteElo "2235"]
[BlackElo "2219"]
[PlyCount "80"]
[EventDate "2002.01.19"]
[SourceDate "2001.01.01"]

1. d4 Nf6 2. c4 g6 3. Nc3 Bg7 4. e4 d6 5. Be2 O-O 6. Be3 Na6 7. g4 e5 8. d5 Nc5
9. f3 a5 10. h4 c6 11. h5 cxd5 12. cxd5 Bd7 13. Nh3 a4 14. Qd2 Qa5 15. Nb1 gxh5
16. g5 Nfxe4 17. fxe4 Nxe4 18. Qxa5 Rxa5 19. Bb6 Raa8 20. Nc3 Ng3 21. Rh2 a3
22. Nf2 axb2 23. Rb1 Rfc8 24. Nfd1 e4 25. Kd2 Ra3 26. Nb5 Rxa2 27. Nxd6 Rc1 28.
Rxc1 bxc1=Q+ 29. Kxc1 Nxe2+ 30. Kb1 Ra1+ 31. Kc2 Ba4+ 32. Kd2 Bxd1 33. Nxe4 Nf4
34. d6 Bg4 35. Rh4 Ra2+ 36. Kc1 Nd3+ 37. Kb1 Rb2+ 38. Ka1 Rxb6+ 39. Ka2 Be6+
40. Ka3 Ra6# 0-1

[Event "4NCL/Div2/PYO vs. W&S"]
[Site "Birmingham ENG"]
[Date "2002.01.19"]
[Round "5.2"]
[White "Headlong, Timothy"]
[Black "Taylor, Martin R"]
[Result "0-1"]
[WhiteElo "2232"]
[BlackElo "2179"]
[PlyCount "64"]
[EventDate "2002.01.19"]
[SourceDate "2001.01.01"]

1. Nf3 d5 2. c4 e6 3. d4 Nf6 4. Nc3 c6 5. e3 Nbd7 6. Qc2 Bd6 7. Be2 O-O 8. O-O
Re8 9. Rd1 b6 10. e4 Nxe4 11. Nxe4 dxe4 12. Qxe4 Qc7 13. Bd3 f5 14. Qe2 Bb7 15.
h3 c5 16. dxc5 Nxc5 17. Be3 Nxd3 18. Qxd3 Rad8 19. Qe2 f4 20. Bd2 e5 21. Ng5 e4
22. c5 Qxc5 23. Qg4 Qc8 24. Bxf4 Qxg4 25. hxg4 Bxf4 26. Rxd8 Rxd8 27. Ne6 Rf8
28. Nxf8 Kxf8 29. Rd1 Ke7 30. Rd4 e3 31. Rd1 e2 32. Re1 Ba6 0-1

[Event "4NCL/Div2/PYO vs. W&S"]
[Site "Birmingham ENG"]
[Date "2002.01.19"]
[Round "5.3"]
[White "Yastrebov, Alexander"]
[Black "Haydon, Richard"]
[Result "1-0"]
[WhiteElo "2181"]
[BlackElo "2208"]
[PlyCount "87"]
[EventDate "2002.01.19"]
[SourceDate "2001.01.01"]

1. e4 g6 2. d4 Bg7 3. c3 d6 4. f4 Nf6 5. Bd3 O-O 6. Nf3 c5 7. dxc5 Nbd7 8. cxd6
exd6 9. Be3 Nxe4 10. O-O Ndf6 11. Bd4 Nc5 12. Bc2 Ne6 13. f5 Nxd4 14. Nxd4 d5
15. fxg6 hxg6 16. Bb3 Qd6 17. Re1 Ng4 18. g3 Bd7 19. Na3 Rfe8 20. Qd3 Nf6 21.
Nac2 Re4 22. Rxe4 dxe4 23. Qc4 Be8 24. Re1 a5 25. a4 Qd7 26. Kg2 Rc8 27. Qe2
Qe7 28. h3 Bd7 29. Rf1 Rc5 30. Qe3 Be8 31. Re1 Re5 32. g4 Nd7 33. Na3 Nc5 34.
Nc4 Nxb3 35. Nxe5 Bxe5 36. Nxb3 Bxa4 37. Nd4 Bc7 38. Qxe4 Qd6 39. Qf3 Qh2+ 40.
Kf1 Qxb2 41. Re2 Qc1+ 42. Kg2 Bd1 43. Re8+ Kg7 44. Ne6+ 1-0

[Event "4NCL/Div2/PYO vs. W&S"]
[Site "Birmingham ENG"]
[Date "2002.01.19"]
[Round "5.4"]
[White "Lappage, Jonathan"]
[Black "Hodge, David J"]
[Result "1/2-1/2"]
[WhiteElo "2187"]
[BlackElo "2163"]
[PlyCount "66"]
[EventDate "2002.01.19"]
[SourceDate "2001.01.01"]

1. e4 e5 2. Nf3 Nc6 3. Bb5 a6 4. Bxc6 dxc6 5. O-O Bg4 6. h3 h5 7. c3 Qf6 8. d4
exd4 9. cxd4 Bxf3 10. Qxf3 O-O-O 11. Be3 Qxf3 12. gxf3 f5 13. Nc3 Nf6 14. Rad1
Re8 15. Rfe1 fxe4 16. Bg5 exf3 17. Bxf6 Rxe1+ 18. Rxe1 gxf6 19. Re3 Kd7 20.
Rxf3 Rg8+ 21. Kf1 Be7 22. d5 Rg5 23. dxc6+ Kxc6 24. Ne4 Ra5 25. a3 Rb5 26. b4
a5 27. bxa5 Rxa5 28. Nxf6 Rxa3 29. Rxa3 Bxa3 30. Ke2 h4 31. Kd3 Be7 32. Ng4 Kd5
33. f4 b5 1/2-1/2

[Event "4NCL/Div2/PYO vs. W&S"]
[Site "Birmingham ENG"]
[Date "2002.01.19"]
[Round "5.5"]
[White "Rendle, Thomas E"]
[Black "Churm, Rohan M"]
[Result "1-0"]
[WhiteElo "2135"]
[BlackElo "2171"]
[PlyCount "47"]
[EventDate "2002.01.19"]
[SourceDate "2001.01.01"]

1. e4 e6 2. d4 d5 3. e5 c5 4. c3 Bd7 5. Nf3 Qb6 6. Na3 cxd4 7. cxd4 Nc6 8. Nc2
f6 9. Bd3 Nge7 10. O-O Ng6 11. Re1 Be7 12. b4 O-O 13. b5 Na5 14. exf6 Rxf6 15.
Bxg6 hxg6 16. Ne5 Bxb5 17. Bg5 Ba4 18. Bxf6 Bxf6 19. Qd3 Rc8 20. Ne3 Bb5 21.
Qxg6 Qxd4 22. N3g4 Qf4 23. Qf7+ Kh7 24. Re3 1-0

[Event "4NCL/Div2/PYO vs. W&S"]
[Site "Birmingham ENG"]
[Date "2002.01.19"]
[Round "5.6"]
[White "Smallbone, Kieran"]
[Black "Gilbert, Jessie"]
[Result "1/2-1/2"]
[WhiteElo "2110"]
[BlackElo "2090"]
[PlyCount "45"]
[EventDate "2002.01.19"]
[SourceDate "2001.01.01"]

1. e4 c6 2. d4 d5 3. Nc3 dxe4 4. Nxe4 Nf6 5. Nxf6+ exf6 6. c3 Bd6 7. Bd3 O-O 8.
Ne2 Re8 9. O-O Bg4 10. f3 Bh5 11. Ng3 Bg6 12. f4 Bxd3 13. Qxd3 Nd7 14. b3 a5
15. Qf3 a4 16. Bb2 Bc7 17. c4 Qe7 18. Kf2 axb3 19. axb3 Rxa1 20. Bxa1 Qd6 21.
Kg1 Qe6 22. Kf2 Qd6 23. Kg1 1/2-1/2

[Event "4NCL/Div2/PYO vs. W&S"]
[Site "Birmingham ENG"]
[Date "2002.01.19"]
[Round "5.7"]
[White "Lazhevskaya, Zhanna"]
[Black "Dickinson, Tim R"]
[Result "0-1"]
[WhiteElo "2103"]
[BlackElo "2179"]
[PlyCount "90"]
[EventDate "2002.01.19"]
[SourceDate "2001.01.01"]

1. e4 c6 2. d4 d5 3. e5 Bf5 4. Be2 e6 5. Nf3 c5 6. c3 Nc6 7. O-O Nh6 8. Qb3 Qc7
9. h3 Be7 10. Be3 c4 11. Qd1 Bxb1 12. Bxh6 Bf5 13. Bf4 O-O 14. b3 b5 15. Bg3
cxb3 16. axb3 Na5 17. b4 Nc4 18. Nh4 Be4 19. Bf3 g5 20. Bxe4 dxe4 21. Qg4 Kh8
22. Nf5 exf5 23. Qxf5 Qc6 24. Rfe1 Qd5 25. Qg4 a5 26. bxa5 Rxa5 27. Rxa5 Nxa5
28. Rxe4 Nc4 29. h4 Qe6 30. Qe2 Ra8 31. h5 Qd5 32. Qd3 Ra1+ 33. Kh2 Nd2 34. Rg4
Nf1+ 35. Kh3 Qc6 36. f4 Nxg3 37. Kxg3 Ra3 38. Kh2 Rxc3 39. Qd2 Rc2 40. Qd3 Rc3
41. Qd2 Bb4 42. Qb2 Ba3 43. Qa1 b4 44. Rxg5 Qe4 45. Rg4 Qe2 0-1

[Event "4NCL/Div2/PYO vs. W&S"]
[Site "Birmingham ENG"]
[Date "2002.01.19"]
[Round "5.8"]
[White "Headlong, Fenella"]
[Black "Levermore, Peter A"]
[Result "0-1"]
[WhiteElo "1656"]
[BlackElo "2066"]
[PlyCount "98"]
[EventDate "2002.01.19"]
[SourceDate "2001.01.01"]

1. e4 c6 2. d4 d5 3. exd5 cxd5 4. Bd3 Nc6 5. c3 Nf6 6. Bf4 Bg4 7. Qb3 Qd7 8. h3
Bh5 9. Nd2 e6 10. Ngf3 Bd6 11. Bxd6 Qxd6 12. g4 Bg6 13. Bxg6 hxg6 14. O-O-O Rb8
15. Ne5 Nxe5 16. dxe5 Qxe5 17. Qb5+ Nd7 18. Rhe1 Qd6 19. Ne4 Qc6 20. Qxc6 bxc6
21. Ng5 Nf6 22. f4 O-O 23. Rd3 Rfe8 24. Rg3 c5 25. h4 d4 26. c4 Red8 27. b3 Rb7
28. Re5 Rc7 29. Kd2 Re8 30. Re2 Rce7 31. Ne4 Nxe4+ 32. Rxe4 e5 33. f5 gxf5 34.
gxf5 f6 35. h5 Kh7 36. Rg6 Rh8 37. Kd3 Kg8 38. Rh4 e4+ 39. Rxe4 Rxe4 40. Kxe4
Rxh5 41. b4 cxb4 42. c5 Rh2 43. Kxd4 Rxa2 44. Kc4 a5 45. Rg1 Rc2+ 46. Kb5 b3
47. c6 b2 48. Rb1 Kf7 49. Kb6 a4 0-1

[Event "4NCL/Div2/SLO2 vs. KHE"]
[Site "Birmingham ENG"]
[Date "2002.01.19"]
[Round "5.1"]
[White "Houska, Miroslav"]
[Black "Berry, Stephen H"]
[Result "0-1"]
[WhiteElo "2300"]
[BlackElo "2309"]
[PlyCount "82"]
[EventDate "2002.01.19"]
[SourceDate "2001.01.01"]

1. d4 Nf6 2. c4 e6 3. Nc3 Bb4 4. e3 O-O 5. Bd3 d5 6. cxd5 exd5 7. Nge2 Bd6 8.
f3 c5 9. O-O Nc6 10. g4 h6 11. Rf2 Re8 12. Rg2 Bf8 13. Qf1 b6 14. Qf2 Nb4 15.
Bb1 Ba6 16. Nf4 g5 17. a3 Nc6 18. Nfe2 cxd4 19. Nxd4 Nxd4 20. exd4 Bg7 21. h4
Nd7 22. f4 Qf6 23. hxg5 hxg5 24. Be3 Rxe3 25. Qxe3 gxf4 26. Qf3 Qxd4+ 27. Kh1
Ne5 28. Qxd5 Qxd5 29. Nxd5 f3 30. Rf2 Rd8 31. Be4 Bd3 32. Nc3 Bxe4 33. Nxe4 Rd4
34. Re1 Nd3 35. Rd1 Rxe4 36. Rxf3 Ne5 37. Rc3 Nxg4 38. Rc8+ Kh7 39. Rd7 Kg6 40.
Rxa7 Bxb2 41. Rc6+ f6 0-1

[Event "4NCL/Div2/SLO2 vs. KHE"]
[Site "Birmingham ENG"]
[Date "2002.01.19"]
[Round "5.2"]
[White "McMichael, Richard"]
[Black "Tarifa, Alket"]
[Result "1-0"]
[WhiteElo "2265"]
[BlackElo "2249"]
[PlyCount "83"]
[EventDate "2002.01.19"]
[SourceDate "2001.01.01"]

1. c4 e5 2. g3 g6 3. Bg2 Bg7 4. Nc3 c6 5. e4 d6 6. Nge2 Be6 7. b3 Bg4 8. f3 Bd7
9. O-O Ne7 10. d4 O-O 11. Ba3 exd4 12. Nxd4 c5 13. Nde2 Bc6 14. Qd2 f5 15. Rad1
Qa5 16. Bb2 fxe4 17. Nd5 Qd8 18. Bxg7 Kxg7 19. Nef4 Bxd5 20. cxd5 Rxf4 21. Qxf4
Ng8 22. Rfe1 Qf6 23. Qxe4 Nd7 24. h4 Ne5 25. f4 Nf7 26. Bh3 Qb2 27. Re2 Qc3 28.
Qe3 Qa5 29. g4 Nf6 30. g5 Nh5 31. Bg4 Qb4 32. Bxh5 gxh5 33. Qf3 a5 34. Re4 Qb6
35. Kh2 a4 36. Rde1 c4 37. bxc4 Qb2+ 38. R1e2 Qc1 39. Qxh5 Rf8 40. Rg2 Ne5 41.
g6 hxg6 42. fxe5 1-0

[Event "4NCL/Div2/SLO2 vs. KHE"]
[Site "Birmingham ENG"]
[Date "2002.01.19"]
[Round "5.3"]
[White "Richmond, Robert J"]
[Black "Thomas, Richard H"]
[Result "1-0"]
[WhiteElo "2234"]
[BlackElo "2230"]
[PlyCount "95"]
[EventDate "2002.01.19"]
[SourceDate "2001.01.01"]

1. d4 d5 2. c4 c6 3. cxd5 cxd5 4. Nc3 Nc6 5. Nf3 Nf6 6. Bf4 e6 7. e3 Bd6 8. Bg3
O-O 9. Bd3 a6 10. O-O Bxg3 11. hxg3 b5 12. Qe2 Bb7 13. Nd2 e5 14. dxe5 Nxe5 15.
Nb3 Qb6 16. Bf5 g6 17. Bh3 Rfe8 18. Rfd1 Rad8 19. Nd4 Ne4 20. Rac1 f5 21. g4
fxg4 22. Bxg4 Nxg4 23. Qxg4 Qf6 24. Qf4 Qxf4 25. exf4 Rc8 26. Nce2 Nd6 27. f3
Kf7 28. Kf2 Rxc1 29. Rxc1 Rc8 30. Rh1 h5 31. g4 Rh8 32. Kg3 b4 33. Nc1 Nc4 34.
Nd3 a5 35. b3 Nd6 36. Ne5+ Kg7 37. f5 gxf5 38. gxh5 Kh6 39. Kf4 Rg8 40. Nxf5+
Nxf5 41. Kxf5 Rf8+ 42. Ke6 Re8+ 43. Kf6 Bc8 44. Nf7+ Kh7 45. Ng5+ Kh6 46. Rg1
Rg8 47. Nf7+ Kh7 48. Rg6 1-0

[Event "4NCL/Div2/SLO2 vs. KHE"]
[Site "Birmingham ENG"]
[Date "2002.01.19"]
[Round "5.4"]
[White "O'Shaughnessy, Conor"]
[Black "Armstrong, Malcolm J"]
[Result "1/2-1/2"]
[WhiteElo "2216"]
[BlackElo "2132"]
[PlyCount "32"]
[EventDate "2002.01.19"]
[SourceDate "2001.01.01"]

1. Nf3 Nf6 2. b3 c5 3. Bb2 d6 4. c4 Nc6 5. g3 g6 6. Bg2 Bg7 7. O-O O-O 8. d3 e5
9. Nc3 Nh5 10. e3 f5 11. Nd2 Be6 12. Rb1 Qd7 13. Nd5 Kh8 14. a3 f4 15. Re1 fxe3
16. fxe3 Nf6 1/2-1/2

[Event "4NCL/Div2/SLO2 vs. KHE"]
[Site "Birmingham ENG"]
[Date "2002.01.19"]
[Round "5.5"]
[White "de Coverly, Roger"]
[Black "Kwiatkowski, Feliks J"]
[Result "0-1"]
[WhiteElo "2106"]
[BlackElo "2213"]
[PlyCount "66"]
[EventDate "2002.01.19"]
[SourceDate "2001.01.01"]

1. e4 c5 2. Nc3 Nc6 3. g3 g6 4. Bg2 Bg7 5. d3 d6 6. Be3 Rb8 7. Qd2 b5 8. Nd1 b4
9. Ne2 Qb6 10. Nc1 Bg4 11. f3 Bd7 12. O-O h5 13. Rb1 h4 14. gxh4 Rxh4 15. Qf2
Rh8 16. Nb3 a5 17. Nd2 Qc7 18. f4 Nf6 19. Bf3 Nd4 20. Bxd4 cxd4 21. Nc4 Ng4 22.
Bxg4 Bxg4 23. Qe1 Be6 24. Qe2 Rb5 25. f5 gxf5 26. Qg2 Bf6 27. Nf2 f4 28. e5
Bxe5 29. Nxe5 Rxe5 30. Qa8+ Qc8 31. Qxc8+ Bxc8 32. Ne4 f5 33. Nf2 Rg8+ 0-1

[Event "4NCL/Div2/SLO2 vs. KHE"]
[Site "Birmingham ENG"]
[Date "2002.01.19"]
[Round "5.6"]
[White "Wittmann, Jochen"]
[Black "Acey, Gerald"]
[Result "1/2-1/2"]
[WhiteElo "2096"]
[BlackElo "2000"]
[PlyCount "66"]
[EventDate "2002.01.19"]
[SourceDate "2001.01.01"]

1. e4 c5 2. Nc3 Nc6 3. g3 g6 4. Bg2 Bg7 5. d3 d6 6. Be3 e6 7. Qd2 Rb8 8. Nf3
Nd4 9. Bxd4 cxd4 10. Nb5 Ne7 11. Nbxd4 Nc6 12. Nxc6 bxc6 13. c3 Qb6 14. b3 a5
15. O-O Ba6 16. Rac1 O-O 17. Rfe1 Qb5 18. d4 a4 19. b4 Qb6 20. e5 c5 21. a3 Bb7
22. Ng5 cxd4 23. Qxd4 Bxg2 24. Qxb6 Rxb6 25. Kxg2 Bxe5 26. f4 Bg7 27. Ne4 Rc8
28. c4 Bb2 29. c5 dxc5 30. Rxc5 Rd8 31. Re3 Rd4 32. Rc2 Bxa3 33. Nf6+ Kg7
1/2-1/2

[Event "4NCL/Div2/SLO2 vs. KHE"]
[Site "Birmingham ENG"]
[Date "2002.01.19"]
[Round "5.7"]
[White "Chevannes, Sabrina"]
[Black "Mackenzie, Colin"]
[Result "0-1"]
[WhiteElo "1824"]
[BlackElo "2164"]
[PlyCount "78"]
[EventDate "2002.01.19"]
[SourceDate "2001.01.01"]

1. d4 e6 2. Nf3 Nf6 3. Bg5 Be7 4. Nbd2 d6 5. c3 Nbd7 6. e4 O-O 7. Bd3 e5 8. Nc4
exd4 9. Bxf6 Bxf6 10. cxd4 b5 11. Ncd2 a6 12. O-O c5 13. Re1 c4 14. Bc2 Re8 15.
Nf1 Bb7 16. Qd2 Nf8 17. b3 cxb3 18. axb3 g6 19. Qd1 Qb6 20. Rc1 a5 21. Rb1 Rac8
22. Ne3 Bg7 23. Nf1 Ne6 24. d5 Nc5 25. Re2 b4 26. N1d2 Ba6 27. Re3 Bh6 28. Re1
Nd3 29. Bxd3 Bxd3 30. Rc1 Bg7 31. Re3 Ba6 32. Nb1 Rxc1 33. Qxc1 Rc8 34. Qd1 Qc5
35. Re1 Qc2 36. Nfd2 Bh6 37. g3 Bd3 38. f3 Qb2 39. h3 Rc2 0-1

[Event "4NCL/Div2/SLO2 vs. KHE"]
[Site "Birmingham ENG"]
[Date "2002.01.19"]
[Round "5.8"]
[White "Kelly, Alexandra M"]
[Black "Purton, Ben"]
[Result "1-0"]
[WhiteElo "1736"]
[BlackElo "1664"]
[PlyCount "111"]
[EventDate "2002.01.19"]
[SourceDate "2001.01.01"]

1. e4 c5 2. Nc3 Nc6 3. Bb5 e6 4. Bxc6 bxc6 5. d3 d5 6. f4 Ne7 7. Nf3 g6 8. O-O
Bg7 9. Qe1 O-O 10. Na4 c4 11. dxc4 Ba6 12. Ne5 dxc4 13. Nc5 Bc8 14. c3 Qd6 15.
Be3 Bxe5 16. fxe5 Qxe5 17. Qh4 Nf5 18. Qf4 Qxf4 19. Bxf4 Ng7 20. Rad1 Re8 21.
Be5 f5 22. Rd4 a5 23. a4 fxe4 24. Nxe4 Rf8 25. Rfd1 Ne8 26. Rd8 h6 27. g3 g5
28. R1d2 g4 29. Rf2 Bb7 30. Rxa8 Bxa8 31. Nc5 Rxf2 32. Kxf2 Kf7 33. Ke3 Kg6 34.
Kf4 h5 35. Bd4 Nd6 36. Ke5 Nb7 37. Nxe6 c5 38. Be3 Nd8 39. Nxd8 Bf3 40. Ne6 Bd1
41. Nxc5 h4 42. gxh4 Kh5 43. Bg5 Be2 44. Nb7 Bd1 45. Nxa5 Bxa4 46. Nxc4 g3 47.
hxg3 Kg4 48. Bf4 Kh5 49. Nd6 Kg6 50. b4 Kg7 51. b5 Kf8 52. b6 Bc6 53. b7 Bxb7
54. Nxb7 Ke7 55. h5 Kf7 56. c4 1-0

[Event "4NCL/Div2/RIC vs. BGR3"]
[Site "Birmingham ENG"]
[Date "2002.01.19"]
[Round "5.1"]
[White "Wall, Gavin"]
[Black "Lyell, Mark"]
[Result "1/2-1/2"]
[WhiteElo "2378"]
[BlackElo "2218"]
[PlyCount "135"]
[EventDate "2002.01.19"]
[SourceDate "2001.01.01"]

1. e4 e6 2. d4 d5 3. e5 c5 4. c3 Nc6 5. Nf3 Nh6 6. Bxh6 gxh6 7. dxc5 Bxc5 8. b4
Bb6 9. b5 Ne7 10. Qd2 Qc7 11. Qxh6 Qc5 12. Qd2 Bd7 13. Nd4 Ng6 14. f4 f6 15.
exf6 O-O 16. Be2 Rxf6 17. g3 Re8 18. Rf1 e5 19. fxe5 Rxf1+ 20. Kxf1 Bh3+ 21.
Kf2 Rxe5 22. a4 Qf8+ 23. Kg1 Nh4 24. Qd3 Nf5 25. Ra2 Re3 26. Qd2 Qg7 27. Bf1
Nxd4 28. cxd4 Bxd4 29. Bxh3 Rxg3+ 30. Kh1 Rxh3 31. Qg2 Qxg2+ 32. Kxg2 Rd3 33.
Nd2 Kf7 34. Nf3 Bf6 35. Kf2 Ke6 36. Rc2 Kd7 37. Ke2 Rc3 38. Rxc3 Bxc3 39. Ng5
h6 40. Nf3 Kd6 41. Kd3 Bf6 42. Ne1 Kc5 43. Nc2 Bb2 44. Ne3 Kb4 45. Nxd5+ Kxa4
46. Kc4 Ka5 47. h3 Ba3 48. Nc3 Bf8 49. Nd5 Ka4 50. Nf4 Ka3 51. Nd3 Ka2 52. Nc1+
Kb2 53. Nb3 Ka3 54. Na5 Ka4 55. Nxb7 Be7 56. Nc5+ Bxc5 57. Kxc5 Ka5 58. h4 h5
59. Kc4 Ka4 60. Kc5 Ka5 61. Kc4 Ka4 62. Kc5 Kb3 63. b6 axb6+ 64. Kxb6 Kc4 65.
Kc6 Kd4 66. Kd6 Ke4 67. Ke6 Kf4 68. Kd5 1/2-1/2

[Event "4NCL/Div2/RIC vs. BGR3"]
[Site "Birmingham ENG"]
[Date "2002.01.19"]
[Round "5.2"]
[White "Shaw, David A"]
[Black "Bates, Richard A"]
[Result "1/2-1/2"]
[WhiteElo "2211"]
[BlackElo "2358"]
[PlyCount "116"]
[EventDate "2002.01.19"]
[SourceDate "2001.01.01"]

1. e4 c5 2. Nf3 d6 3. Bb5+ Bd7 4. Bxd7+ Qxd7 5. O-O Nc6 6. c4 Nf6 7. Nc3 g6 8.
b3 Bg7 9. Re1 O-O 10. Bb2 Ng4 11. Na4 Bxb2 12. Nxb2 Nge5 13. Nh4 Qg4 14. Qxg4
Nxg4 15. h3 Nf6 16. Nf3 Nd7 17. Nd3 e5 18. Nb2 f5 19. d3 a6 20. Na4 Nb4 21.
Red1 Nc2 22. Rac1 fxe4 23. dxe4 Nd4 24. Nxd4 exd4 25. Nb2 Ne5 26. Nd3 Rae8 27.
Nxe5 Rxe5 28. f3 Re7 29. Rd2 Kf7 30. Kf2 Ke6 31. Rb2 Kd7 32. Ke2 Kc6 33. Kd3 b5
34. Rbc2 b4 35. Ra1 Rb7 36. Re2 a5 37. Rb2 a4 38. a3 bxa3 39. Rxa3 Rfb8 40.
Rxa4 Rxb3+ 41. Rxb3 Rxb3+ 42. Kc2 Rc3+ 43. Kd2 Kb7 44. h4 h6 45. Kd1 g5 46.
hxg5 hxg5 47. Kd2 g4 48. fxg4 Rg3 49. Ke2 Re3+ 50. Kf2 Rxe4 51. Kf3 Re8 52. g5
d5 53. cxd5 d3 54. Ra1 c4 55. Rb1+ Kc7 56. Rc1 Kd6 57. Rxc4 Kxd5 58. Rc7 Rd8
1/2-1/2

[Event "4NCL/Div2/RIC vs. BGR3"]
[Site "Birmingham ENG"]
[Date "2002.01.19"]
[Round "5.3"]
[White "Hinks-Edwards, Thomas"]
[Black "Cafferty, Bernard"]
[Result "1-0"]
[WhiteElo "2322"]
[BlackElo "2164"]
[PlyCount "71"]
[EventDate "2002.01.19"]
[SourceDate "2001.01.01"]

1. e4 Nf6 2. e5 Nd5 3. d4 d6 4. Nf3 g6 5. Bc4 Nb6 6. Bb3 Bg7 7. Ng5 d5 8. f4 f6
9. Nf3 Nc6 10. c3 Bf5 11. O-O Na5 12. Bc2 Bxc2 13. Qxc2 e6 14. b3 f5 15. Ba3
Qd7 16. Nbd2 O-O-O 17. Rac1 Kb8 18. c4 dxc4 19. bxc4 Bf8 20. Bb2 Qa4 21. Qxa4
Nxa4 22. Ba1 c5 23. Ng5 cxd4 24. Nxe6 Ba3 25. Rcd1 Rd7 26. Nb3 Nxc4 27. Nbxd4
Re7 28. Rf3 Rhe8 29. Nb5 Bb2 30. Ned4 a6 31. Nd6 Nxd6 32. exd6 Re1+ 33. Rf1
Rxf1+ 34. Kxf1 Re4 35. d7 Rxf4+ 36. Nf3 1-0

[Event "4NCL/Div2/RIC vs. BGR3"]
[Site "Birmingham ENG"]
[Date "2002.01.19"]
[Round "5.4"]
[White "Garner, David"]
[Black "Webb, Laurence E"]
[Result "1/2-1/2"]
[WhiteElo "2163"]
[BlackElo "2239"]
[PlyCount "87"]
[EventDate "2002.01.19"]
[SourceDate "2001.01.01"]

1. e4 e5 2. Nf3 Nc6 3. Bb5 a6 4. Ba4 Nf6 5. O-O b5 6. Bb3 Bb7 7. Re1 Bc5 8. c3
d6 9. d4 Bb6 10. a4 O-O 11. Bg5 Re8 12. axb5 axb5 13. Rxa8 Bxa8 14. Qd3 exd4
15. cxd4 h6 16. Bh4 g5 17. e5 d5 18. Bg3 Ne4 19. Nc3 Ne7 20. Nd2 Nxd2 21. Qxd2
Nf5 22. Nxb5 Qd7 23. Qd3 Bc6 24. Bc2 Bxb5 25. Qxf5 Qxf5 26. Bxf5 Bxd4 27. e6
fxe6 28. Rxe6 c5 29. b3 Bd7 30. Rxe8+ Bxe8 31. Be6+ Bf7 32. Bxf7+ Kxf7 33. Kf1
Ke6 34. Ke2 c4 35. bxc4 dxc4 36. f3 Be5 37. Kd2 Bxg3 38. hxg3 Kd5 39. Kc3 h5
40. f4 gxf4 41. gxf4 h4 42. f5 Ke5 43. Kxc4 Kxf5 44. Kd3 1/2-1/2

[Event "4NCL/Div2/RIC vs. BGR3"]
[Site "Birmingham ENG"]
[Date "2002.01.19"]
[Round "5.5"]
[White "Phillips, Roy"]
[Black "Bellin, Jana"]
[Result "1/2-1/2"]
[WhiteElo "2228"]
[BlackElo "2203"]
[PlyCount "31"]
[EventDate "2002.01.19"]
[SourceDate "2001.01.01"]

1. e4 c5 2. c3 e6 3. d4 d5 4. exd5 exd5 5. Nf3 Nc6 6. Be2 Bd6 7. dxc5 Bxc5 8.
Nbd2 Nf6 9. Nb3 Bb6 10. Nbd4 O-O 11. O-O Bg4 12. Be3 Re8 13. Re1 Bxf3 14. Bxf3
Nxd4 15. Bxd4 Rxe1+ 16. Qxe1 1/2-1/2

[Event "4NCL/Div2/RIC vs. BGR3"]
[Site "Birmingham ENG"]
[Date "2002.01.19"]
[Round "5.6"]
[White "Anderton, David W"]
[Black "Franklin, Michael J"]
[Result "1-0"]
[WhiteElo "2230"]
[BlackElo "2233"]
[PlyCount "87"]
[EventDate "2002.01.19"]
[SourceDate "2001.01.01"]

1. d4 Nf6 2. c4 e6 3. Nc3 Bb4 4. Qc2 Nc6 5. Nf3 d6 6. Bd2 Qe7 7. a3 Bxc3 8.
Bxc3 e5 9. d5 Nb8 10. e4 Nbd7 11. b4 Nf8 12. c5 Ng6 13. cxd6 cxd6 14. Bb5+ Nd7
15. Bd2 O-O 16. O-O a6 17. Bd3 Nf4 18. Bxf4 exf4 19. e5 Nxe5 20. Nxe5 Qxe5 21.
Bxh7+ Kh8 22. Rfe1 Qxd5 23. Be4 Qb5 24. Rad1 Be6 25. Rxd6 a5 26. Qd2 Qg5 27.
Bxb7 Ra7 28. Bf3 axb4 29. Qxb4 Rc8 30. Red1 Qa5 31. Qxf4 Rc4 32. Rd8+ Kh7 33.
Qb8 Rac7 34. h4 Qxa3 35. h5 Kh6 36. Rh8+ Kg5 37. Qd8+ Qe7 38. Qd2+ Kf6 39. h6
g6 40. Qb2+ Kg5 41. h7 Rh4 42. g3 Rh3 43. Qd2+ Kf6 44. Qd4+ 1-0

[Event "4NCL/Div2/RIC vs. BGR3"]
[Site "Birmingham ENG"]
[Date "2002.01.19"]
[Round "5.7"]
[White "Nixon, Thomas CM"]
[Black "Wheeler, Darren P"]
[Result "1-0"]
[WhiteElo "2160"]
[BlackElo "2120"]
[PlyCount "141"]
[EventDate "2002.01.19"]
[SourceDate "2001.01.01"]

1. d4 e6 2. c4 Nf6 3. Nf3 d5 4. Nc3 c5 5. Bg5 cxd4 6. Nxd4 Be7 7. cxd5 Nxd5 8.
Bxe7 Qxe7 9. Nxd5 exd5 10. a3 Nc6 11. e3 Bd7 12. Bb5 O-O 13. O-O Nxd4 14. Bxd7
Ne6 15. Qxd5 Rad8 16. Bxe6 Rxd5 17. Bxd5 g6 18. Rfd1 Rc8 19. Rd2 Kg7 20. Rad1
Rd8 21. Rd4 Qc7 22. g3 Rd7 23. Kg2 b6 24. R1d3 a5 25. b4 axb4 26. axb4 Qe5 27.
Bc6 Rxd4 28. Rxd4 Kh6 29. Rd7 Qc3 30. b5 f6 31. h4 Qe5 32. Rb7 Qc5 33. g4 Qb4
34. Kg3 Qc5 35. Rd7 Qe5+ 36. Kg2 Qe6 37. Kh3 Qb3 38. Rb7 Qa2 39. Kg3 Qa5 40.
Bd5 Qa1 41. Kg2 Qd1 42. Bf3 Qd6 43. Bc6 Qb4 44. Kg3 Qc5 45. Be4 Qb4 46. Bg2 Qc5
47. Bc6 Qe5+ 48. Kh3 Qc5 49. Be4 Qc1 50. Rxb6 Kg7 51. Rb7+ Kh8 52. Kg2 Qc4 53.
Bf3 f5 54. Kg3 fxg4 55. Bxg4 h5 56. Bf3 Qc5 57. b6 Qe5+ 58. Kg2 g5 59. Rd7 g4
60. Bd5 g3 61. b7 Qb8 62. f4 Qc7 63. Bf3 Qb6 64. Re7 Qd8 65. Kxg3 Qg8+ 66. Kh3
Qf8 67. Bxh5 Qf5+ 68. Bg4 Qb1 69. Bf3 Qf1+ 70. Bg2 Qb5 71. Rc7 1-0

[Event "4NCL/Div2/RIC vs. BGR3"]
[Site "Birmingham ENG"]
[Date "2002.01.19"]
[Round "5.8"]
[White "Gunter, David W.W"]
[Black "Wilson, Alexandra"]
[Result "1-0"]
[WhiteElo "2140"]
[BlackElo "2099"]
[PlyCount "77"]
[EventDate "2002.01.19"]
[SourceDate "2001.01.01"]

1. d4 Nf6 2. Nf3 g6 3. e3 Bg7 4. Bd3 O-O 5. O-O c5 6. c4 d5 7. Nc3 Nc6 8. dxc5
dxc4 9. Bxc4 Qa5 10. Qa4 Qxc5 11. e4 Bg4 12. Be3 Qa5 13. Qxa5 Nxa5 14. Be2 Rfd8
15. Rfd1 Nc6 16. h3 Bxf3 17. Bxf3 e6 18. Be2 h6 19. f4 Ne8 20. e5 Nc7 21. Bf3
Bf8 22. a3 Na5 23. Rxd8 Rxd8 24. Bxa7 Nb3 25. Rd1 Rxd1+ 26. Bxd1 Bc5+ 27. Bxc5
Nxc5 28. Bc2 Kf8 29. Kf2 Ke7 30. Ke3 Nd7 31. b4 Nb6 32. Bb3 g5 33. g3 gxf4+ 34.
gxf4 Nbd5+ 35. Bxd5 exd5 36. f5 h5 37. Kd4 f6 38. Nxd5+ Nxd5 39. Kxd5 1-0

[Event "4NCL/Div2/3CS vs. PPA1"]
[Site "Birmingham ENG"]
[Date "2002.01.19"]
[Round "5.1"]
[White "Davies, Nigel R"]
[Black "Walker, Martin G"]
[Result "1/2-1/2"]
[WhiteElo "2481"]
[BlackElo "2357"]
[PlyCount "69"]
[EventDate "2002.01.19"]
[SourceDate "2001.01.01"]

1. g3 g6 2. Bg2 Bg7 3. d4 Nf6 4. e4 d6 5. Ne2 O-O 6. O-O Nbd7 7. Nbc3 c6 8. a4
Qc7 9. b3 Rd8 10. Bb2 e5 11. Qd2 exd4 12. Nxd4 Nf8 13. Rad1 Ne6 14. Nde2 b6 15.
Rfe1 Bb7 16. Qc1 d5 17. exd5 Nxd5 18. Nxd5 cxd5 19. Bxg7 Kxg7 20. Qb2+ Kg8 21.
Qf6 Qxc2 22. Nc3 Qxb3 23. Rxe6 fxe6 24. Qxe6+ Kh8 25. Qf6+ Kg8 26. Qe6+ Kh8 27.
Qf6+ Kg8 28. Bh3 Re8 29. Be6+ Rxe6 30. Qxe6+ Kh8 31. Qf6+ Kg8 32. Qe6+ Kh8 33.
Qe5+ Kg8 34. Qe6+ Kh8 35. Qf6+ 1/2-1/2

[Event "4NCL/Div2/3CS vs. PPA1"]
[Site "Birmingham ENG"]
[Date "2002.01.19"]
[Round "5.2"]
[White "Swanson, Stephen"]
[Black "Clarke, Stuart"]
[Result "0-1"]
[WhiteElo "2271"]
[BlackElo "2290"]
[PlyCount "66"]
[EventDate "2002.01.19"]
[SourceDate "2001.01.01"]

1. e4 e6 2. d4 d5 3. e5 c5 4. c3 Qb6 5. Nf3 Nc6 6. a3 Nh6 7. Bd3 cxd4 8. O-O
Be7 9. cxd4 Nf5 10. Bxf5 exf5 11. Nc3 Be6 12. b4 O-O 13. Qd3 Rac8 14. Be3 h6
15. Rfc1 g5 16. g3 Qd8 17. h4 f6 18. exf6 Bxf6 19. hxg5 hxg5 20. Re1 Re8 21.
Rad1 Rc7 22. b5 Na5 23. Ne5 Qd6 24. Na4 Nc4 25. Nxc4 dxc4 26. Qc2 Rh7 27. Bxg5
Qd5 28. Re4 fxe4 29. Bxf6 Qf5 30. Bh4 Qf3 31. Kh2 Rxh4+ 32. gxh4 Qh3+ 33. Kg1
Re7 0-1